Cognitive Psychology/ (Record no. 155344)

MARC details
000 -LEADER
fixed length control field 00597nam a22002057a 4500
005 - DATE AND TIME OF LATEST TRANSACTION
control field 20180803121947.0
010 ## - LCCN (DPL NO)
LC control number B-701147
020 ## - INTERNATIONAL STANDARD BOOK NUMBER
International Standard Book Number 9789332536739
Terms of availability 589.00
035 ## - SYSTEM CONTROL NUMBER
System control number B-701147
037 ## - SOURCE OF ACQUISITION
Source of stock number/acquisition Pearson
082 ## - DEWEY DECIMAL CLASSIFICATION NUMBER
Classification number 150
100 ## - MAIN ENTRY--PERSONAL NAME
Personal name Solso, Robert L.
245 ## - TITLE STATEMENT
Title Cognitive Psychology/
Statement of responsibility, etc Robert L. Solso, Otto H. Maclin [and] M. kimberly Maclin
250 ## - EDITION STATEMENT
Edition statement 8th ed.
260 ## - PUBLICATION, DISTRIBUTION, ETC. (IMPRINT)
Place of publication, distribution, etc Noida
Name of publisher, distributor, etc Pearson
Date of publication, distribution, etc 2014
300 ## - PHYSICAL DESCRIPTION
Extent 516p.
Dimensions 22cm(Pbk)
700 ## - ADDED ENTRY--PERSONAL NAME
Personal name Maclin, Otto H. , Maclin, M. kimberly
942 ## - ADDED ENTRY ELEMENTS (KOHA)
Source of classification or shelving scheme Dewey Decimal Classification
Item type English Books
Classification part 150
Call number suffix SOL
Holdings
Withdrawn status Lost status Not for loan Collection code Home library Current library Date acquired Full call number Barcode Koha item type
      Non-fiction Sarojini Nagar Sarojini Nagar 03/08/2018 150 SOL B-701147 English Books

© Delhi Public Library
Hit Counter
free hit counter